Weird animals. (Record no. 114915)
[ view plain ]
| 000 -LEADER | |
|---|---|
| fixed length control field | 00464nam a2200181 a 4500 |
| 005 - DATE AND TIME OF LATEST TRANSACTION | |
| control field | 20140414132116.0 |
| 008 - FIXED-LENGTH DATA ELEMENTS--GENERAL INFORMATION | |
| fixed length control field | 101209s19uu xx 00 eng d |
| 020 ## - INTERNATIONAL STANDARD BOOK NUMBER | |
| International Standard Book Number | 9781848102941 |
| 050 ## - LIBRARY OF CONGRESS CALL NUMBER | |
| Classification number | REF 590 |
| Item number | P22 2010 |
| 100 ## - MAIN ENTRY--PERSONAL NAME | |
| Personal name | Parker, Steve |
| 245 ## - TITLE STATEMENT | |
| Title | Weird animals. |
| 260 ## - PUBLICATION, DISTRIBUTION, ETC. (IMPRINT) | |
| Place of publication, distribution, etc | United Kingdom : |
| Name of publisher, distributor, etc | Miles Kelly, |
| Date of publication, distribution, etc | 2010. |
| 440 ## - SERIES STATEMENT/ADDED ENTRY--TITLE | |
| Title | My top 20 |
| 520 ## - SUMMARY, ETC. | |
| Summary, etc | |
| 650 ## - SUBJECT ADDED ENTRY--TOPICAL TERM | |
| Topical term or geographic name as entry element | Animals |
| General subdivision | Miscellanea |
| -- | Juvenile literature. |
| 650 ## - SUBJECT ADDED ENTRY--TOPICAL TERM | |
| Topical term or geographic name as entry element | |
| General subdivision | |
| Withdrawn status | Lost status | Damaged status | Use restrictions | Home library | Current library | Shelving location | Date acquired | Source of acquisition | Cost, normal purchase price | Total Checkouts | Full call number | Barcode | Date last seen | Price effective from | Koha item type |
|---|---|---|---|---|---|---|---|---|---|---|---|---|---|---|---|
| Munich Library | Munich Library | Reference Section | 10/11/2011 | 719.00 | REF 590 P22 2010 | M6851 | 04/14/2014 | 04/14/2014 | Books |